Dispute resolution faculty up and running (Record no. 66494)
[ view plain ]
| 000 -LEADER | |
|---|---|
| fixed length control field | 00791cam a2200169 4500 |
| 001 - CONTROL NUMBER | |
| control field | WB3712-15 |
| 008 - FIXED-LENGTH DATA ELEMENTS--GENERAL INFORMATION | |
| fixed length control field | 000000n2001 000 0 eng u |
| 035 ## - SYSTEM CONTROL NUMBER | |
| System control number | (Sirsi) u111601 |
| 245 ## - TITLE STATEMENT | |
| Title | Dispute resolution faculty up and running |
| 260 ## - PUBLICATION, DISTRIBUTION, ETC. | |
| Date of publication, distribution, etc. | 2001 |
| 490 ## - SERIES STATEMENT | |
| Series statement | RICS Press Release |
| Volume/sequential designation | (pr039) 13 March 2001, (2) |
| 520 ## - SUMMARY, ETC. | |
| Summary, etc. | The RICS Dispute Resolution Faculty is now fully established and will seek to promote the specialist skills of chartered surveyors in understanding how disputes arise and how they may be avoided and resolved. It will also provide support and develop products and services to those involved in dispute resolution, including the 13,000 faculty members. |
| 590 ## - LOCAL NOTE (RLIN) | |
| Local note | WB |
| 650 ## - SUBJECT ADDED ENTRY--TOPICAL TERM | |
| Topical term or geographic name entry element | RICS FACULTIES AND FORUMS |
| 690 ## - LOCAL SUBJECT ADDED ENTRY--TOPICAL TERM (OCLC, RLIN) | |
| Topical term or geographic name as entry element | Dispute resolution |
| 9 (RLIN) | 6236 |
| 942 ## - ADDED ENTRY ELEMENTS (KOHA) | |
| Suppress in OPAC | 0 |
| Withdrawn status | Lost status | Source of classification or shelving scheme | Damaged status | Not for loan | Home library | Current library | Shelving location | Date acquired | Total Checkouts | Full call number | Barcode | Date last seen | Copy number | Price effective from | Koha item type |
|---|---|---|---|---|---|---|---|---|---|---|---|---|---|---|---|
| Dewey Decimal Classification | London | London | News article | 22/03/2001 | WB3712-15 | 111601-1001 | 06/08/2019 | 1 | 06/08/2019 | News article |